Vintage Fictional Detectives Quiz Stats

Quiz not verified by Sporcle

Challenge
Share
Tweet
Embed
Score 0/20 Timer 05:00
0 Plays Today
Hint Answer % Correct
Agatha Christie (male detective)Hercule Poirot
100%
Dorothy L SayersLord Peter Wimsey
46.2%
Margary AllinghamAlbert Campion
26.9%
Patricia WentworthMiss Silver
15.4%
Robert Van GuilkJudge Dee
7.7%
Edmund CripsinGervase Fen
7.7%
Patricia MoyesHenry Tibbett
3.8%
Stuar PalmerHildegarde Withers
3.8%
Nicholas BlakeNigel Strangeways
3.8%
Christianna BrandInspector Cockrill
3.8%
Hint Answer % Correct
Gladys MitchellBeatrice Bradley
3.8%
Joan CogginLady Lupin
0%
H. C. BaileyReggie Fortune
0%
Dorothy BowersChief Inspector Dan Pardoe
0%
Torrey Chanslor (detecting duo)Amanda and Lutie Beagle
0%
Juanita SheridanLily Wu
0%
Delano Ames (another detecting duo)Jane and Dagobert Brown
0%
Morris BishopFrancis Perry
0%
Maureen SarsfieldInspector Lane Parry
0%
Michael InnesJohn Appleby
0%

You're not logged in!

Compare scores with friends on all Sporcle quizzes.
Sign Up with Email
OR
Log In

You Might Also Like...

Show Comments

Extras

Top Quizzes Today


Score Distribution

Your Account Isn't Verified!

In order to create a playlist on Sporcle, you need to verify the email address you used during registration. Go to your Sporcle Settings to finish the process.